Adaptability and stability of black oat genotypes using the GGE biplot analysis (Registro n. 338171)
[ somente texto ]
| 000 -LÍDER | |
|---|---|
| fixed length control field | 03887nab a2200421 4500 |
| 003 - CÓDIGO MARC DA AGÊNCIA CATALOGADORA | |
| Campo de controle | BR-BrBNA |
| 005 - DATA E HORA DA ÚLTIMA ATUALIZAÇÃO | |
| Campo de controle | 20250915121344.0 |
| 008 - CAMPO DE TAMANHO FIXO | |
| fixed length control field | 250915b2024 bl.ar|pooa||| 00| 0 eng | |
| 040 ## - FONTE DA CATALOGAÇÃO | |
| Agência catalogadora | BR-BrBNA |
| Idioma da catalogação | por |
| 072 ## - CATEGORIA AGRIS | |
| Código AGRIS | F01 ; F03 ; F30 |
| Código do objeto | 0140 |
| 100 ## - ENTRADA PRINCIPAL - NOME PESSOAL | |
| Nome pessoal | Klein, Luis Antônio |
| 100 ## - ENTRADA PRINCIPAL - NOME PESSOAL | |
| Nome pessoal | Marchioro, Volmir Sergio |
| 100 ## - ENTRADA PRINCIPAL - NOME PESSOAL | |
| Nome pessoal | Toebe, Marcos |
| 100 ## - ENTRADA PRINCIPAL - NOME PESSOAL | |
| Nome pessoal | Olivoto, Tiago |
| 100 ## - ENTRADA PRINCIPAL - NOME PESSOAL | |
| Nome pessoal | Meira, Daniela |
| 100 ## - ENTRADA PRINCIPAL - NOME PESSOAL | |
| Nome pessoal | Alberti, João Vitor |
| 100 ## - ENTRADA PRINCIPAL - NOME PESSOAL | |
| Nome pessoal | Finatto, José Luiz Balansin |
| 100 ## - ENTRADA PRINCIPAL - NOME PESSOAL | |
| Nome pessoal | Garafini, Duana Cancian |
| 100 ## - ENTRADA PRINCIPAL - NOME PESSOAL | |
| Nome pessoal | Scaravonatto, Bruna |
| 100 ## - ENTRADA PRINCIPAL - NOME PESSOAL | |
| Nome pessoal | Azeredo, Nitiele Silva de |
| 100 ## - ENTRADA PRINCIPAL - NOME PESSOAL | |
| Nome pessoal | Ulbrik, Gaziela |
| 100 ## - ENTRADA PRINCIPAL - NOME PESSOAL | |
| Nome pessoal | Osmari, Carla Francine |
| 100 ## - ENTRADA PRINCIPAL - NOME PESSOAL | |
| Nome pessoal | Foguesatto, Caroline Bandeira |
| 245 ## - TÍTULO PRINCIPAL | |
| Título principal | Adaptability and stability of black oat genotypes using the GGE biplot analysis |
| 500 ## - NOTA GERAL | |
| Nota geral | Summaries (En, Pt); 28 ref.; 3 illus.; 2 tables |
| 942 ## - ADDED ENTRY ELEMENTS (KOHA) | |
| Koha item type | Analítica |
| 520 ## - NOTA DE RESUMO | |
| Nota de conteúdo | Abstract – The objective of this work was to identify the most adapted and stable genotypes for dry mass and seed yield using the genotype plus environment interaction (GGE) biplot technique. The experiment was conducted in the municipality of Frederico Westphalen, in the state of Rio Grande do Sul, Brazil, in 2018, 2019, 2020, and 2021, using five lines and two cultivars of black oat, in a randomized complete block experimental design, with three replicates. The adaptability and stability of the genotypes, as well as their behavior in the environments, were evaluated using the GGE biplot. The seed yield of black oat genotypes is highly influenced by the environmental conditions over the four studied cultivation years. The UFSMFW 2-07 genotype stands out, but shows instability. The UFSMFW<br/>2-07 and 'UPFA 21-Moreninha' genotypes show adaptability in specific years. Mega environments are formed for the dry mass trait in 2018 and 2021 and seed yield in 2018, 2020, and 2021, whereas, 2019 is considered the year for genotype discrimination. Index terms: Avena strigosa, environment-genotype interaction, genotype selection, seed yield. |
| 520 ## - NOTA DE RESUMO | |
| Nota de conteúdo | Resumo – O objetivo deste trabalho foi identificar os genótipos mais adaptados e estáveis para massa seca e produtividade de sementes, com uso da técnica genótipo + interação genótipo-ambinete (GGE) biplot. O experimento foi conduzido no município de Frederico Westphalen, no estado do Rio Grande do Sul, Brasil, em 2018, 2019, 2020 e 2021, tendo-se utilizado cinco linhagens e duas cultivares de aveia-preta, em delineamento experimental de blocos ao acaso, com três repetições. A adaptabilidade e a estabilidade dos genótipos, bem como seu comportamento nos ambientes, foram avaliados pelo GGE biplot. A produtividade de sementes de genótipos de aveia-preta é altamente influenciada pelas condições ambientais ao longo dos quatro anos de cultivo estudados. O genótipo UFSMFW 2-07 destaca-se, mas apresenta instabilidade. Já os genótipos UFSMFW 2-07 e 'UPFA 21-Moreninha'<br/>apresentam adaptabilidade para produção de massa seca em anos específicos. São formados mega-ambientes para o traço massa seca em 2008 e 2021 e para produtividade de sementes em 2018, 2020 e 2021, enquanto 2019 é considerado o ano para discriminação de genótipos. Termos para indexação: Avena strigosa, interação genótipo-ambiente, seleção de genótipos, produtividade de sementes. |
| 650 ## - ASSUNTO - THESAGRO | |
| Cabeçalho tópico ou nome geográfico | AVEIA PRETA |
| 650 ## - ASSUNTO - THESAGRO | |
| Cabeçalho tópico ou nome geográfico | AVENA STRIGOSA |
| 650 ## - ASSUNTO - THESAGRO | |
| Cabeçalho tópico ou nome geográfico | SEMENTE |
| 650 ## - ASSUNTO - THESAGRO | |
| Cabeçalho tópico ou nome geográfico | MEIO AMBIENTE |
| 650 ## - ASSUNTO - THESAGRO | |
| Cabeçalho tópico ou nome geográfico | SELEÇÃO GENÓTIPA |
| 650 ## - ASSUNTO - THESAGRO | |
| Cabeçalho tópico ou nome geográfico | RENDIMENTO |
| 773 0# - ENTRADA ANALÍTICA | |
| Host Biblionumber | 920 |
| Registro do item | 357578 |
| Imprenta | Brasília-DF Empresa Brasileira de Pesquisa Agropecuária - EMBRAPA 1966- |
| Outro identificador | 2025-5543 |
| Título | Pesquisa Agropecuária Brasileira (Brazil) |
| ISSN | 0100-204X |
| Colação | v. 59 p. 1-10; (2024) |
| Número de controle de registro | BR2025002434 |
| 856 ## - ACESSO E ENDEREÇO ELETRÔNICO | |
| Identificador uniforme de recurso - URI | https://www.scielo.br/j/pab/a/ZZnQQDMmZDsqT8Yhyjk3K5t/?format=pdf&lang=en |
Nenhum exemplar disponível.

BINAGRI